[Event "27th Budapest Spring Festival"]
[Site "Budapest, Hungary"]
[Date "2011.03.18"]
[Round "2"]
[White "Boguszlavszkij, Jevgenyij"]
[Black "Meixner, Ferenc"]
[Result "1-0"]
[WhiteElo "2254"]
[BlackElo "2072"]
[PlyCount "167"]
[EventDate "2011.??.??"]

1. g3 e5 2. Bg2 Nc6 3. c3 Bc5 4. e3 Qe7 5. b4 Bb6 6. a4 a5 7. b5 Nb8 8. Ne2 d6
9. O-O Nd7 10. d4 Ngf6 11. c4 O-O 12. Nbc3 Re8 13. Ba3 Rb8 14. Qc2 Qe6 15. Qd3
e4 16. Qd2 Qxc4 17. Rfc1 Qe6 18. Nf4 Qf5 19. Qa2 g5 20. Nfd5 h5 21. Rc2 Kg7 22.
Rf1 Qe6 23. Bb2 c6 24. Nxf6 Nxf6 25. d5 cxd5 26. Nxd5 Bd8 27. f3 Kg6 28. Bxf6
Bxf6 29. fxe4 Be5 30. Rcf2 h4 31. gxh4 gxh4 32. Rf6+ Bxf6 33. Nf4+ Kh7 34. Nxe6
Bxe6 35. Qe2 Kg7 36. Qf3 Be5 37. Bh3 Bxh3 38. Qxh3 Re6 39. Rf5 Rh8 40. Qf3 Rg6+
41. Kf1 f6 42. Qe2 Rc8 43. Ke1 Rc1+ 44. Kd2 Rgg1 45. Rxe5 dxe5 46. Qh5 Ra1 47.
Qxh4 Rxa4 48. Qh3 Ra2+ 49. Kc3 Rc1+ 50. Kb3 Rcc2 51. Qg4+ Kh6 52. Qh3+ Kg6 53.
Qf5+ Kg7 54. Qd7+ Kg6 55. Qe8+ Kh6 56. Qh8+ Kg6 57. Qg8+ Kh6 58. b6 a4+ 59. Kb4
a3 60. Qf7 Rf2 61. h4 Rfb2+ 62. Kc4 Rxb6 63. Qe8 Rg2 64. Qh8+ Kg6 65. Qg8+ Kh5
66. Qxg2 Kxh4 67. Qa2 Ra6 68. Kd3 Kg4 69. Ke2 Kg5 70. Kd3 Kh6 71. Kc2 Kg7 72.
Kb1 Kf8 73. Ka1 Ke7 74. Qd5 Rb6 75. Ka2 Rc6 76. Kxa3 Rc7 77. Kb4 Rd7 78. Qg8
Kd6 79. Kb5 Kc7 80. Qe6 Kd8 81. Qxf6+ Re7 82. Kc5 Kd7 83. Qf8 Ke6 84. Qf5# 1-0

[Event "27th Budapest Spring Festival"]
[Site "Budapest, Hungary"]
[Date "2011.03.18"]
[Round "2"]
[White "Juracsik, Jozsef"]
[Black "Halak, Miklos"]
[Result "0-1"]
[WhiteElo "2228"]
[BlackElo "2062"]
[PlyCount "64"]
[EventDate "2011.??.??"]

1. e4 e5 2. Nf3 Nc6 3. Bb5 a6 4. Ba4 d6 5. c3 Bd7 6. d4 g6 7. O-O Bg7 8. d5 Nb8
9. Bxd7+ Nxd7 10. c4 Ne7 11. Nc3 a5 12. Be3 O-O 13. Nb5 h6 14. Ne1 f5 15. f3
Nf6 16. c5 fxe4 17. fxe4 Nxe4 18. Rxf8+ Bxf8 19. Qg4 Nxc5 20. Bxc5 dxc5 21.
Qe6+ Kh7 22. Rd1 Nf5 23. Nf3 Bd6 24. Qf7+ Ng7 25. Nd2 Qh4 26. Nf3 Qa4 27. Nc3
Qc2 28. Qd7 e4 29. Nd2 e3 30. Nde4 Qxd1+ 31. Nxd1 e2 32. Nf6+ Kh8 0-1

[Event "27th Budapest Spring Festival"]
[Site "Budapest, Hungary"]
[Date "2011.03.18"]
[Round "2"]
[White "Heyl, Thomas"]
[Black "Teglas, Balazs"]
[Result "0-1"]
[WhiteElo "2050"]
[BlackElo "2202"]
[PlyCount "112"]
[EventDate "2011.??.??"]

1. d4 Nf6 2. Nf3 c5 3. c4 e6 4. Nc3 cxd4 5. Nxd4 Bb4 6. Ndb5 d5 7. Bf4 Na6 8.
e3 O-O 9. Be2 Bd7 10. O-O Bc6 11. cxd5 Nxd5 12. Nxd5 Bxd5 13. Be5 Qg5 14. Bg3
Rfd8 15. h4 Qe7 16. Qa4 Bc6 17. Qb3 Rd2 18. Nd4 Bd5 19. Bc4 Bxc4 20. Qxc4 Rxb2
21. Rfc1 h6 22. a3 Bd6 23. Nc6 Qf6 24. f4 Qg6 25. Bf2 Nc5 26. Ne5 Qe4 27. Qxe4
Nxe4 28. Nc4 Rb3 29. Nxd6 Nxd6 30. Kf1 Rb2 31. Rc7 Ne4 32. Be1 Rd8 33. Rac1 h5
34. Re7 Rd3 35. Rcc7 Nd6 36. e4 Rd4 37. Red7 Rb1 38. Rc8+ Kh7 39. Rc2 Rxe4 40.
Rxd6 Rexe1+ 41. Kf2 Rf1+ 42. Ke3 Rbe1+ 43. Kd2 Rd1+ 44. Ke2 Rxd6 45. Kxf1 Rd3
46. Rc7 Kg6 47. Rxb7 Rxa3 48. Kf2 a5 49. Rb5 f6 50. g3 Ra1 51. Rb6 Kf5 52. Rb7
g6 53. Ra7 a4 54. Ra6 a3 55. Kf3 a2 56. Ke2 Rh1 0-1

[Event "27th Budapest Spring Festival"]
[Site "Budapest, Hungary"]
[Date "2011.03.18"]
[Round "2"]
[White "Shan, He Jia Rita"]
[Black "Kabai, Zsuzsanna"]
[Result "0-1"]
[WhiteElo "1531"]
[BlackElo "2148"]
[PlyCount "48"]
[EventDate "2011.??.??"]

1. d4 d5 2. Bf4 Nf6 3. e3 c5 4. c3 Nc6 5. Nf3 Qb6 6. Qb3 c4 7. Qxb6 axb6 8.
Nbd2 b5 9. b3 Bf5 10. Nh4 Bc2 11. bxc4 bxc4 12. Be2 h6 13. Nhf3 e6 14. O-O Ba3
15. Bd1 Bd3 16. Re1 Bb2 17. Be2 Bxe2 18. Rxe2 Bxa1 19. Nb1 Ne4 20. Rc2 Ra6 21.
Nfd2 Nxd2 22. Nxd2 Kd7 23. e4 Rha8 24. exd5 exd5 0-1

[Event "27th Budapest Spring Festival"]
[Site "Budapest, Hungary"]
[Date "2011.03.18"]
[Round "2"]
[White "Juhasz, Armin"]
[Black "Horvath, David"]
[Result "1-0"]
[WhiteElo "2037"]
[BlackElo "2309"]
[PlyCount "105"]
[EventDate "2011.??.??"]

1. d4 d5 2. c4 e6 3. Nf3 c6 4. Nc3 dxc4 5. a4 Bb4 6. e3 b5 7. Bd2 a5 8. axb5
Bxc3 9. Bxc3 cxb5 10. b3 Bb7 11. bxc4 b4 12. Bb2 Nf6 13. Bd3 O-O 14. O-O Nbd7
15. Re1 Re8 16. h3 Bxf3 17. Qxf3 Qc7 18. g4 e5 19. Qg3 a4 20. g5 Nh5 21. Qf3 g6
22. Be4 Ra5 23. Bd5 Re7 24. Rab1 e4 25. Qg4 Nb6 26. Bxe4 f5 27. Bxf5 Rxf5 28.
c5 Nc4 29. d5 Qxc5 30. Rbc1 Qxd5 31. Qxc4 Rxg5+ 32. Kf1 Ng3+ 33. fxg3 Rf7+ 34.
Ke2 Qg2+ 35. Kd1 Qxb2 36. Rc2 Qf6 37. Qxb4 Qa1+ 38. Kd2 Qf6 39. Kd1 Rxg3 40.
Qb8+ Kg7 41. Qxg3 a3 42. Qg4 Qa6 43. Qd4+ Kh6 44. Qc4 Rd7+ 45. Kc1 Qb6 46. Qf4+
Kg7 47. Rf1 Qd8 48. Qe5+ Kg8 49. Qe6+ Kg7 50. h4 Rd3 51. Qf7+ Kh6 52. Qf4+ Kg7
53. Rc7+ 1-0

[Event "27th Budapest Spring Festival"]
[Site "Budapest, Hungary"]
[Date "2011.03.18"]
[Round "2"]
[White "Bach, Matthias"]
[Black "Chen, Yang"]
[Result "1-0"]
[WhiteElo "2290"]
[BlackElo "2033"]
[PlyCount "33"]
[EventDate "2011.??.??"]

1. c4 e5 2. g3 Nf6 3. Bg2 Nc6 4. Nc3 Bb4 5. Nd5 Nxd5 6. cxd5 Ne7 7. e3 d6 8.
Qa4+ c6 9. dxc6 bxc6 10. Qxb4 O-O 11. d3 Be6 12. Ne2 f5 13. O-O Rb8 14. Qd2 Qe8
15. f4 Kh8 16. b3 Ng6 17. Bb2 1-0

[Event "27th Budapest Spring Festival"]
[Site "Budapest, Hungary"]
[Date "2011.03.18"]
[Round "2"]
[White "Varga, Melinda"]
[Black "Toth, Ervin"]
[Result "0-1"]
[WhiteElo "2031"]
[BlackElo "2424"]
[PlyCount "80"]
[EventDate "2011.??.??"]

1. Nf3 Nf6 2. c4 e6 3. g3 b6 4. Bg2 Bb7 5. O-O c5 6. Nc3 Be7 7. Re1 a6 8. e4 d6
9. d4 cxd4 10. Nxd4 Qc7 11. Be3 Nbd7 12. Rc1 Rc8 13. f4 O-O 14. Bf2 Qb8 15. Qe2
Qa8 16. b3 Rfe8 17. Bh3 Nf8 18. a4 Rcd8 19. Nf3 N6d7 20. Nd2 Bf6 21. Qf1 Rc8
22. Bg2 Ng6 23. Ne2 Nc5 24. Nd4 e5 25. Nf5 Qb8 26. Bxc5 dxc5 27. fxe5 Nxe5 28.
Nb1 Rcd8 29. Rcd1 Ng6 30. Rxd8 Rxd8 31. Rd1 Qe5 32. Rxd8+ Bxd8 33. Qd3 Bf6 34.
Nd2 Nf8 35. h3 g6 36. Nd6 Bc6 37. Kh2 Nd7 38. Nf3 Qe6 39. h4 Ne5 40. Nxe5 Bxe5
0-1

[Event "27th Budapest Spring Festival"]
[Site "Budapest, Hungary"]
[Date "2011.03.18"]
[Round "2"]
[White "Carlstedt, Jonathan"]
[Black "Zilahi, Gabor"]
[Result "1-0"]
[WhiteElo "2386"]
[BlackElo "2004"]
[PlyCount "53"]
[EventDate "2011.??.??"]

1. c4 c6 2. g3 d5 3. Nf3 Nf6 4. Bg2 dxc4 5. O-O Nbd7 6. Qc2 e6 7. Qxc4 Bd6 8.
Nc3 O-O 9. d4 e5 10. Bg5 h6 11. Bxf6 Qxf6 12. Ne4 Qe7 13. Nxd6 Qxd6 14. Rad1
Nb6 15. Qc5 Qxc5 16. dxc5 Na4 17. Nxe5 Nxc5 18. Rd2 Bf5 19. Nc4 a5 20. Rc1 Be6
21. Nd6 b6 22. b3 Rad8 23. Rcd1 Bd5 24. Bxd5 cxd5 25. Rxd5 Rd7 26. Nc4 Rfd8 27.
Nxb6 1-0

[Event "27th Budapest Spring Festival"]
[Site "Budapest, Hungary"]
[Date "2011.03.18"]
[Round "2"]
[White "Medvegyne Balogh, Emese"]
[Black "Lee, Kai Jie Edward"]
[Result "1-0"]
[WhiteElo "2095"]
[BlackElo "1913"]
[PlyCount "121"]
[EventDate "2011.??.??"]

1. e4 e5 2. Nf3 Nf6 3. d4 Nxe4 4. Nxe5 d6 5. Nf3 d5 6. Be2 Be7 7. O-O O-O 8.
Bf4 c6 9. h3 f5 10. c4 Be6 11. Qb3 b6 12. Nc3 Kh8 13. cxd5 cxd5 14. Nb5 Bd6 15.
Nxd6 Nxd6 16. Bg5 Qe8 17. Qb4 Ne4 18. Bb5 Bd7 19. Bxd7 Nxd7 20. Rfe1 Qh5 21.
Be7 Rfc8 22. Rac1 Qg6 23. Rxc8+ Rxc8 24. Qa4 Qc6 25. Qxc6 Rxc6 26. Ne5 Nxe5 27.
dxe5 Re6 28. Ba3 Kg8 29. f3 Nf6 30. Kf2 Nd7 31. f4 Nc5 32. Rd1 Ne4+ 33. Ke3 Rg6
34. g4 Rh6 35. gxf5 Rxh3+ 36. Kd4 Ng3 37. Kxd5 Nxf5 38. Ke6 h5 39. Kxf5 Re3 40.
Rh1 Kf7 41. Rg1 h4 42. Kg4 g5 43. fxg5 Rxe5 44. Kxh4 Kg6 45. Rg4 a5 46. Rd4 Kf5
47. g6 Re1 48. Kg3 Rg1+ 49. Kf3 Kxg6 50. Rd6+ Kf7 51. Rxb6 Ra1 52. Ra6 Rxa2 53.
Rxa5 Ra1 54. Ra7+ Ke8 55. Ke4 Re1+ 56. Kd5 Kd8 57. Kc6 Rc1+ 58. Bc5 Ke8 59. b4
Rd1 60. b5 Rd7 61. b6 1-0

[Event "27th Budapest Spring Festival"]
[Site "Budapest, Hungary"]
[Date "2011.03.18"]
[Round "2"]
[White "Kiss, Peter"]
[Black "Havaskori, Laszlo"]
[Result "1-0"]
[WhiteElo "1902"]
[BlackElo "2106"]
[PlyCount "53"]
[EventDate "2011.??.??"]

1. e4 e6 2. d4 d5 3. Nd2 c5 4. exd5 exd5 5. Ngf3 Nf6 6. Bb5+ Nc6 7. O-O a6 8.
Re1+ Be7 9. Bxc6+ bxc6 10. dxc5 O-O 11. Nb3 a5 12. Ne5 Bd7 13. a4 Be8 14. Bf4
Ne4 15. Nd3 g5 16. Bd2 f5 17. f3 Nxd2 18. Qxd2 Bf6 19. f4 h6 20. Qe2 Bf7 21.
Qf3 Kg7 22. Ne5 d4 23. Nxf7 Rxf7 24. Rad1 g4 25. Qxc6 Rc8 26. Qe6 h5 27. c6 1-0

[Event "27th Budapest Spring Festival"]
[Site "Budapest, Hungary"]
[Date "2011.03.18"]
[Round "2"]
[White "Peczely, Gyorgy Dr"]
[Black "Ngo Tan, Don"]
[Result "0-1"]
[WhiteElo "1870"]
[BlackElo "2141"]
[PlyCount "76"]
[EventDate "2011.??.??"]

1. d4 Nf6 2. Nf3 g6 3. g3 Bg7 4. Bg2 O-O 5. O-O d5 6. Nbd2 Bf5 7. c4 c6 8. b3
Nbd7 9. Bb2 a5 10. cxd5 cxd5 11. Nh4 Be6 12. Rc1 Qb6 13. a4 h6 14. Nhf3 Ne4 15.
e3 Bg4 16. Qc2 Rac8 17. Qd3 Qb4 18. Nxe4 dxe4 19. Qxe4 Bf5 20. Qd5 Be6 21. Qb5
Qxb3 22. Qxb3 Bxb3 23. Ba3 Bxa4 24. Bxe7 Rfe8 25. Ba3 b5 26. Nd2 b4 27. Bb2 Bb5
28. Rxc8 Rxc8 29. Rc1 Rxc1+ 30. Bxc1 a4 31. Bf1 Bc6 32. Bc4 Nb6 33. f4 Kf8 34.
Kf2 Ke7 35. Ke2 Nxc4 36. Nxc4 Bb5 37. Kd3 f5 38. Bd2 Ke6 0-1

[Event "27th Budapest Spring Festival"]
[Site "Budapest, Hungary"]
[Date "2011.03.18"]
[Round "2"]
[White "Somogyi, Istvan"]
[Black "Bartuszek, Andras"]
[Result "1/2-1/2"]
[WhiteElo "2176"]
[BlackElo "1841"]
[PlyCount "115"]
[EventDate "2011.??.??"]

1. d4 Nf6 2. c4 g6 3. Nc3 d5 4. cxd5 Nxd5 5. e4 Nxc3 6. bxc3 Bg7 7. Bc4 O-O 8.
Ne2 c5 9. Be3 cxd4 10. cxd4 Nc6 11. O-O e6 12. Rc1 Na5 13. Bd3 Bd7 14. Qd2 Nc6
15. Rfd1 Re8 16. e5 Qe7 17. Nc3 f6 18. f4 f5 19. Nb5 Red8 20. Nd6 Rab8 21. Bc4
a6 22. d5 Nxe5 23. fxe5 Bxe5 24. Nxb7 Ba4 25. Nxd8 Rxd8 26. Bg5 Qc5+ 27. Kh1
Rd7 28. dxe6 Rxd2 29. e7+ Kg7 30. e8=Q Bxe8 31. Bxd2 Bb5 32. Bxb5 Qxb5 33. Be3
f4 34. Bc5 f3 35. Rf1 fxg2+ 36. Kxg2 Qb2+ 37. Bf2 Qb7+ 38. Kg1 Qb2 39. a4 Qb4
40. Bg3 Qd4+ 41. Rf2 Qg4 42. Kf1 Qh3+ 43. Ke1 Bxg3 44. hxg3 Qxg3 45. Rcc2 h5
46. Kf1 g5 47. Rc5 h4 48. Rxg5+ Qxg5 49. Rg2 Qxg2+ 50. Kxg2 Kf6 51. Kh3 Ke5 52.
a5 Kd5 53. Kxh4 Kc5 54. Kg3 Kb5 55. Kf3 Kxa5 56. Ke3 Kb4 57. Kd2 Kb3 58. Kc1
1/2-1/2

[Event "27th Budapest Spring Festival"]
[Site "Budapest, Hungary"]
[Date "2011.03.19"]
[Round "3"]
[White "Szalanczy, Emil"]
[Black "Kantor, Gergely"]
[Result "1/2-1/2"]
[WhiteElo "2269"]
[BlackElo "2147"]
[PlyCount "76"]
[EventDate "2011.??.??"]

1. e4 e6 2. d4 d5 3. Nc3 Nf6 4. e5 Nfd7 5. f4 c5 6. Nf3 Nc6 7. Ne2 Be7 8. c3 b6
9. g3 Ba6 10. Bh3 g6 11. O-O cxd4 12. cxd4 Rc8 13. Rf2 Nb4 14. Ne1 Qc7 15. Nc3
Qb7 16. Be3 Nc6 17. Rc1 Na5 18. Rfc2 b5 19. Nd3 O-O 20. Bf2 Nc4 21. Bg4 Kg7 22.
h4 h5 23. Bh3 b4 24. Na4 b3 25. axb3 Qxb3 26. Rc3 Qxd1+ 27. Rxd1 Ncb6 28. Nac5
Bxd3 29. Rdxd3 Nxc5 30. dxc5 Na4 31. Rc2 Bxc5 32. Bxc5 Rxc5 33. Rxc5 Nxc5 34.
Ra3 Ne4 35. b4 Kg8 36. b5 Ra8 37. Bf1 Kf8 38. Kg2 Nd2 {after 35 move} 1/2-1/2

[Event "27th Budapest Spring Festival"]
[Site "Budapest, Hungary"]
[Date "2011.03.19"]
[Round "3"]
[White "Teglas, Balazs"]
[Black "Juhasz, Kristof"]
[Result "1/2-1/2"]
[WhiteElo "2202"]
[BlackElo "2272"]
[PlyCount "34"]
[EventDate "2011.??.??"]

1. d4 Nf6 2. Bf4 c5 3. e3 cxd4 4. exd4 d5 5. c3 Nc6 6. Bd3 Bg4 7. Nf3 e6 8.
Nbd2 Bd6 9. Bxd6 Qxd6 10. Qe2 Bh5 11. h3 Bg6 12. Bxg6 hxg6 13. Ne5 Qc7 14. f4
Rc8 15. O-O O-O 16. Rf3 Rfe8 17. h4 Kf8 1/2-1/2

[Event "27th Budapest Spring Festival"]
[Site "Budapest, Hungary"]
[Date "2011.03.19"]
[Round "3"]
[White "Kabai, Zsuzsanna"]
[Black "Boguszlavszkij, Jevgenyij"]
[Result "1-0"]
[WhiteElo "2148"]
[BlackElo "2254"]
[PlyCount "85"]
[EventDate "2011.??.??"]

1. d4 d5 2. c4 e6 3. Nf3 c6 4. g3 Bd6 5. Bg2 Nd7 6. O-O f5 7. b3 Qe7 8. Bb2 Nh6
9. Ne5 Nxe5 10. dxe5 Bc5 11. e3 O-O 12. Nc3 Qf7 13. Qe2 Bd7 14. Rfd1 Rad8 15.
Rac1 Be7 16. a4 a5 17. cxd5 exd5 18. f4 Be6 19. Nb1 Qg6 20. Ba3 Bxa3 21. Nxa3
Nf7 22. Bf3 Rd7 23. Qe1 h5 24. Qxa5 h4 25. Kg2 Qh6 26. gxh4 Qxh4 27. Qe1 Qh6
28. h4 d4 29. Nc4 Bxc4 30. Rxc4 d3 31. h5 Nd8 32. Rc3 g5 33. hxg6 Rg7 34. Qh1
Qxg6+ 35. Kf1 Qe6 36. Rcxd3 Nf7 37. Ke2 Qg6 38. Bh5 Qe6 39. Rg1 Rxg1 40. Qxg1+
Kh7 41. Bxf7 Qxf7 42. Qh2+ Kg7 43. Qg3+ 1-0

[Event "27th Budapest Spring Festival"]
[Site "Budapest, Hungary"]
[Date "2011.03.19"]
[Round "3"]
[White "Halak, Miklos"]
[Black "Carlstedt, Jonathan"]
[Result "0-1"]
[WhiteElo "2062"]
[BlackElo "2386"]
[PlyCount "104"]
[EventDate "2011.??.??"]

1. e4 c5 2. Nf3 Nf6 3. e5 Nd5 4. c3 Nc6 5. d4 cxd4 6. cxd4 d6 7. Bc4 e6 8. O-O
Be7 9. Bd2 O-O 10. Nc3 Nb6 11. Bb3 dxe5 12. dxe5 Nd4 13. Be3 Nxb3 14. Qxb3 Bd7
15. Rfd1 Qc7 16. Rac1 Bc6 17. Nd4 Qxe5 18. Nxc6 bxc6 19. Bxb6 axb6 20. Qxb6
Rab8 21. Qxc6 Rxb2 22. a4 h6 23. Nb5 Qf4 24. Qf3 Qxa4 25. Nd4 Rd8 26. Nc6 Rxd1+
27. Qxd1 Qxd1+ 28. Rxd1 Bc5 29. Rf1 f6 30. Na5 e5 31. Nc4 Rc2 32. Ne3 Re2 33.
Nf5 Kf7 34. g4 Rc2 35. h3 e4 36. Ng3 e3 37. fxe3 Bxe3+ 38. Kh1 Bd4 39. Nf5 Be5
40. Rf3 Rc7 41. Rd3 Kg6 42. Kg2 Kg5 43. Kf3 h5 44. Re3 hxg4+ 45. hxg4 g6 46.
Ng3 Bxg3 47. Kxg3 Rc4 48. Kf3 Rf4+ 49. Kg2 Rxg4+ 50. Kf3 f5 51. Re6 Rf4+ 52.
Kg3 Ra4 0-1

[Event "27th Budapest Spring Festival"]
[Site "Budapest, Hungary"]
[Date "2011.03.19"]
[Round "3"]
[White "Bea, Boglarka"]
[Black "Koczo, Kristof"]
[Result "1/2-1/2"]
[WhiteElo "2109"]
[BlackElo "2264"]
[PlyCount "45"]
[EventDate "2011.??.??"]

1. e4 c6 2. d4 d5 3. e5 e6 4. Bd3 b6 5. Ne2 Ba6 6. O-O Bxd3 7. Qxd3 Nd7 8. Kh1
Ne7 9. f4 g6 10. Nd2 h5 11. Nf3 Nf5 12. b3 Qc7 13. Bd2 Qb7 14. Ng3 Nxg3+ 15.
hxg3 Be7 16. c4 O-O-O 17. a4 a6 18. Rfc1 Kb8 19. b4 Rc8 20. c5 b5 21. Be1 Kc7
22. Ra2 Ra8 23. a5 1/2-1/2

[Event "27th Budapest Spring Festival"]
[Site "Budapest, Hungary"]
[Date "2011.03.19"]
[Round "3"]
[White "Toth, Ervin"]
[Black "Borda, Lajos"]
[Result "1-0"]
[WhiteElo "2424"]
[BlackElo "2135"]
[PlyCount "77"]
[EventDate "2011.??.??"]

1. d4 a6 2. e4 e6 3. Bd3 d5 4. e5 c5 5. c3 Nc6 6. Nf3 cxd4 7. cxd4 Bb4+ 8. Nc3
Nge7 9. O-O Nf5 10. a3 Be7 11. Bc2 b5 12. b4 h5 13. Be3 g5 14. Rc1 Nxe3 15.
fxe3 g4 16. Ne1 Bg5 17. Qd3 Qb6 18. Rb1 Ne7 19. Qe2 Qc7 20. Nd1 Nf5 21. Nd3 Nh6
22. Nc5 O-O 23. Nc3 f5 24. exf6 Bxf6 25. Qd3 Qg7 26. Ne2 Ra7 27. Nf4 Qf7 28. e4
dxe4 29. Qxe4 Nf5 30. Nfxe6 Bxe6 31. Nxe6 Nd6 32. Qd5 Nc4 33. Rxf6 Qxf6 34.
Nxf8+ Kxf8 35. Qc5+ Qe7 36. Rf1+ Kg8 37. Qd5+ Kg7 38. Qf5 Qe3+ 39. Kh1 1-0

[Event "27th Budapest Spring Festival"]
[Site "Budapest, Hungary"]
[Date "2011.03.19"]
[Round "3"]
[White "Werner, Dimo"]
[Black "Tran, Minh Thang"]
[Result "1/2-1/2"]
[WhiteElo "2272"]
[BlackElo "2077"]
[PlyCount "64"]
[EventDate "2011.??.??"]

1. e4 e6 2. d4 d5 3. Nd2 dxe4 4. Nxe4 Bd7 5. Nf3 Bc6 6. Bd3 Nd7 7. O-O Ngf6 8.
Qe2 Nxe4 9. Bxe4 Bxe4 10. Qxe4 c6 11. Bd2 Nf6 12. Qe2 Qd5 13. Rfe1 Bd6 14. c4
Qh5 15. Ne5 Qxe2 16. Rxe2 Nd7 17. Nf3 O-O 18. Bc3 Rfd8 19. Rd1 b5 20. Ba5 Nb6
21. cxb5 cxb5 22. g3 Rdc8 23. Bxb6 axb6 24. a3 b4 25. axb4 Bxb4 26. Rd3 Rd8 27.
Rb3 Ra4 28. Kg2 Ba5 29. Rc2 h6 30. Rc7 Rb4 31. Rxb4 Bxb4 32. Rb7 Ba5 1/2-1/2

[Event "27th Budapest Spring Festival"]
[Site "Budapest, Hungary"]
[Date "2011.03.19"]
[Round "3"]
[White "Medvegyne Balogh, Emese"]
[Black "Lengyel, Bela"]
[Result "1/2-1/2"]
[WhiteElo "2095"]
[BlackElo "2296"]
[PlyCount "105"]
[EventDate "2011.??.??"]

1. e4 e5 2. Nf3 Nc6 3. d4 exd4 4. Bc4 Nf6 5. e5 d5 6. Bb5 Ne4 7. Nxd4 Bd7 8.
Bxc6 bxc6 9. O-O Bc5 10. Be3 Bb6 11. f3 Ng5 12. f4 Ne4 13. c3 Qe7 14. Nd2 Nxd2
15. Qxd2 O-O 16. Rae1 f6 17. e6 Be8 18. f5 c5 19. Nb3 Bc6 20. Rf4 Rfd8 21. Qf2
c4 22. Nd4 Be8 23. Rg4 Kh8 24. Qg3 c5 25. Bh6 Bc7 26. Rxg7 Bxg3 27. Rxe7 Bd6
28. Bg7+ Kg8 29. Bxf6 Bxe7 30. Bxe7 cxd4 31. Bxd8 Rxd8 32. cxd4 Kg7 33. g4 Kf6
34. Kf2 Rb8 35. Re2 Bb5 36. Re5 Bc6 37. Re2 h5 38. h3 hxg4 39. hxg4 Ba4 40. Kg3
Kg5 41. Rh2 Bd1 42. Rh5+ Kf6 43. Kf4 Rxb2 44. g5+ Ke7 45. Rh7+ Kd6 46. Rd7+ Kc6
47. Rd8 Rf2+ 48. Ke5 Bg4 49. Rd6+ Kc7 50. Rd7+ Kc6 51. Rd6+ Kc7 52. Rd7+ Kc6
53. Rd6+ 1/2-1/2

[Event "27th Budapest Spring Festival"]
[Site "Budapest, Hungary"]
[Date "2011.03.19"]
[Round "3"]
[White "Hradeczky, Tamas"]
[Black "Zala, Gyula"]
[Result "1-0"]
[WhiteElo "2260"]
[BlackElo "2074"]
[PlyCount "69"]
[EventDate "2011.??.??"]

1. d4 d5 2. c4 e6 3. Nf3 f5 4. g3 c6 5. Bg2 Nf6 6. Bf4 Be7 7. Nbd2 O-O 8. Qc2
Nh5 9. O-O g5 10. Bxb8 Rxb8 11. Ne5 Ng7 12. e3 f4 13. e4 dxc4 14. Qxc4 Bf6 15.
Ndf3 Bd7 16. gxf4 gxf4 17. Bh3 b5 18. Qd3 Be8 19. Rac1 Rb6 20. Kh1 Kh8 21. Rg1
Ra6 22. a3 Bxe5 23. Nxe5 Ra4 24. b4 a5 25. Qc3 axb4 26. axb4 Qe7 27. Nd3 Bg6
28. Nc5 Ra7 29. Rce1 Qf6 30. Ra1 Rxa1 31. Rxa1 f3 32. Nd7 Qh4 33. Nxf8 Qxh3 34.
Nxg6+ hxg6 35. Rg1 1-0

[Event "27th Budapest Spring Festival"]
[Site "Budapest, Hungary"]
[Date "2011.03.19"]
[Round "3"]
[White "Kahn, Evarth Dr"]
[Black "Kiss, Peter"]
[Result "1-0"]
[WhiteElo "2253"]
[BlackElo "1902"]
[PlyCount "83"]
[EventDate "2011.??.??"]

1. d4 c5 2. d5 e5 3. e4 d6 4. Nc3 a6 5. a4 Be7 6. f4 exf4 7. Bxf4 Bh4+ 8. g3
Bf6 9. Nf3 Bg4 10. Bg2 Ne7 11. O-O Ng6 12. Qd2 Bxf3 13. Rxf3 Bd4+ 14. Kh1 O-O
15. Raf1 Qc7 16. b4 Be5 17. bxc5 Qxc5 18. Bh3 b5 19. Bf5 Bxf4 20. gxf4 b4 21.
Bxg6 fxg6 22. Ne2 Nd7 23. Nd4 Rfe8 24. Ne6 Qc4 25. c3 Nf6 26. cxb4 Nxe4 27. Qb2
Ra7 28. Rd1 Nf6 29. Rd4 Qc8 30. Rc3 Qd7 31. Qb3 Kh8 32. b5 axb5 33. Qxb5 Qxb5
34. axb5 Rb7 35. Nc7 Re7 36. Rdc4 h6 37. Rc6 Ne4 38. Rc2 Nc5 39. b6 Nd7 40. Ne6
h5 41. Rc8+ Kh7 42. Ng5+ 1-0

[Event "27th Budapest Spring Festival"]
[Site "Budapest, Hungary"]
[Date "2011.03.19"]
[Round "3"]
[White "Szajbely, Zsigmond"]
[Black "Bach, Matthias"]
[Result "0-1"]
[WhiteElo "2074"]
[BlackElo "2290"]
[PlyCount "134"]
[EventDate "2011.??.??"]

1. e4 c5 2. Nf3 d6 3. d4 cxd4 4. Nxd4 Nf6 5. Nc3 a6 6. f4 Nc6 7. Be2 h5 8. Be3
g6 9. O-O Ng4 10. Bxg4 hxg4 11. g3 Bg7 12. Nd5 O-O 13. c3 f5 14. exf5 gxf5 15.
Qd3 Bd7 16. Rfe1 Rb8 17. Bf2 e5 18. fxe5 dxe5 19. Nxc6 bxc6 20. Nb4 a5 21. Na6
Be6 22. Qe2 Ra8 23. Rad1 Qc8 24. Nc5 Bd5 25. Qc2 Qe8 26. c4 Bf3 27. Rd6 Qh5 28.
Nd7 Be4 29. Rxe4 fxe4 30. Nxf8 Rxf8 31. Qxe4 Qf7 32. Rd2 Qf3 33. Qe3 e4 34. Re2
Rd8 35. Rd2 Rxd2 36. Qxd2 Qd3 37. Qc1 Kh7 38. Be3 Bxb2 39. Qxb2 Qxe3+ 40. Kg2
Qf3+ 41. Kg1 e3 42. Qb1+ Kh6 43. Qf1 e2 44. Qxf3 gxf3 45. Kf2 Kg5 46. h3 Kf5
47. Ke1 Ke4 48. Kd2 a4 49. a3 c5 50. h4 Kf5 51. h5 Kg5 52. g4 Kxg4 53. h6 Kg3
54. h7 Kf2 55. h8=Q e1=Q+ 56. Kd3 Qb1+ 57. Kd2 Qa2+ 58. Kd1 Qe2+ 59. Kc1 Qxc4+
60. Kb1 Qb3+ 61. Ka1 Qxa3+ 62. Kb1 Qb4+ 63. Ka2 Qc4+ 64. Kb1 Qd4 65. Qh2+ Ke1
66. Qh1+ Ke2 67. Ka2 f2 0-1

[Event "27th Budapest Spring Festival"]
[Site "Budapest, Hungary"]
[Date "2011.03.19"]
[Round "3"]
[White "Ngo Tan, Don"]
[Black "Juhasz, Armin"]
[Result "1/2-1/2"]
[WhiteElo "2141"]
[BlackElo "2037"]
[PlyCount "63"]
[EventDate "2011.??.??"]

1. Nf3 d5 2. d4 Nf6 3. g3 c6 4. Bg2 Bf5 5. O-O e6 6. c4 Nbd7 7. Qb3 Qb6 8. c5
Qc7 9. Bf4 Qc8 10. Nc3 b6 11. cxb6 axb6 12. Rac1 Qa6 13. Ne5 Nxe5 14. dxe5 Nd7
15. e4 Nc5 16. Qc2 Bg6 17. b4 Nd7 18. b5 cxb5 19. Qe2 Ba3 20. Rcd1 dxe4 21.
Nxb5 Qb7 22. Qd2 Qc6 23. Nxa3 Rxa3 24. Rc1 Nc5 25. Qb2 Ra8 26. Rfd1 O-O 27. Rd6
Qa4 28. Qxb6 Nd3 29. Ra1 Nxf4 30. gxf4 Qc2 31. a3 Rxa3 32. Re1 1/2-1/2

[Event "27th Budapest Spring Festival"]
[Site "Budapest, Hungary"]
[Date "2011.03.19"]
[Round "3"]
[White "Tran, Tuan Minh"]
[Black "Gal, Janos"]
[Result "1/2-1/2"]
[WhiteElo "2295"]
[BlackElo "1937"]
[PlyCount "119"]
[EventDate "2011.??.??"]

1. d4 Nf6 2. Bg5 e6 3. Nd2 d5 4. e3 c5 5. c3 Nc6 6. f4 cxd4 7. cxd4 Be7 8. Ngf3
h6 9. Bxf6 Bxf6 10. Bd3 g5 11. Ne5 gxf4 12. exf4 Bxe5 13. dxe5 Qb6 14. Qe2 Nd4
15. Qf2 Bd7 16. O-O Nc6 17. a3 Qd4 18. Qxd4 Nxd4 19. Rac1 Bc6 20. Kf2 Rg8 21.
Ke3 Rxg2 22. Rg1 Nf5+ 23. Bxf5 d4+ 24. Kd3 Bb5+ 25. Nc4 Bxc4+ 26. Kxc4 Rc8+ 27.
Kxd4 Rxc1 28. Rxg2 exf5 29. Rg8+ Ke7 30. Rb8 Rc7 31. b4 a6 32. h4 Kd7 33. h5 b5
34. Kd5 Rc3 35. Rh8 Rxa3 36. Rxh6 a5 37. bxa5 Rxa5 38. Rf6 Ke7 39. Rxf5 Ra6 40.
Kc5 Rh6 41. Kxb5 Ke6 42. Rg5 Kd5 43. Rf5 Ke6 44. Rg5 Kd5 45. e6+ Kxe6 46. Re5+
Kf6 47. Kc5 Rh8 48. Kd5 Ra8 49. Ke4 Ra4+ 50. Kf3 Ra1 51. Rb5 Rf1+ 52. Kg3 Rh1
53. Ra5 Kg7 54. Kg4 Rg1+ 55. Kf3 Rf1+ 56. Kg3 Rh1 57. Rg5+ Kf6 58. Kg2 Rh4 59.
Kf3 Rh1 60. Ra5 1/2-1/2